Score 0/30 Timer 06:00
1 Play Today
Mentions Character % Correct
631Bilbo Baggins
99%
186Gandalf
97.1%
247Thorin Oakenshield
89.6%
38Kili
81%
51Fili
80.8%
23Gloin
80.1%
86Smaug
79.3%
69Balin
75.3%
59Bombur
75%
19Oin
73.9%
21Bofur
71.2%
19Bifur
70.6%
21Dwalin
70.5%
82Gollum
68.6%
11Ori
67.6%
Mentions Character % Correct
14Nori
67.2%
57Bard of Esgaroth
66.7%
25Elrond
66.3%
36Dori
63.9%
23Elvenking
57.4%
63Beorn
54.4%
16Thrain
42.8%
28Dain
41.1%
17Thror
37.4%
21Tom the Troll
36.8%
34Master of Esgaroth
34.8%
33William the Troll
33.2%
28Bert the Troll
28%
14Great Goblin of the Misty Mountains
23%
13Lord of the Eagles
20.3%
Remove Ads.
Support Sporcle.
Get the best of Sporcle when you Go Orange. This ad-free experience offers more features, more stats, and more fun while also helping to support Sporcle. Thank you for becoming a member.

You're not logged in!

Compare scores with friends on all Sporcle quizzes.
OR
Log In

Sporcle TV

Today on Sporcle TV


Watch our educational content, quiz creation guides, and fun videos on Sporcle TV.

Show Comments

Extras

Top Quizzes Today


Score Distribution

Paid Content

Your Account Isn't Verified!

In order to create a playlist on Sporcle, you need to verify the email address you used during registration. Go to your Sporcle Settings to finish the process.

Report this User

Report this user for behavior that violates our Community Guidelines.

Details: